| 000 | 00965nam a2200205 a 4500 | ||
|---|---|---|---|
| 005 | 20210219160030.0 | ||
| 008 | 080617s1985 mx r 000 0 spa d | ||
| 035 | _aUPN01000157008 | ||
| 049 | _aUNE | ||
| 080 | _a373.3 (7/8) "1985" ORT | ||
| 100 | 1 | _aOrtiz Henríquez, Carlos | |
| 245 | 1 | 0 |
_aIncidencia de la enseñanza primaria en sectores de rápida urbanización e incorporación de los jóvenes al mundo del trabajo en América Latina y el Caribe / _cCarlos Ortiz Henríquez. |
| 260 |
_aSantiago de Chile : _bOREALC, _c1985. |
||
| 300 | _a81 p. | ||
| 690 |
_aEnseñanza primaria - _zAmerica Latina |
||
| 690 |
_aAmerica Latina - _vEnseñanza primaria |
||
| 690 |
_aAmerica Latina _vFormacion de maestros de primaria I.OREALC. Oficina Regional de Educación de la UNESCO para América Latina y el Caribe |
||
| 711 | 2 | _aSeminario Inter-Regional Operacional sobre la Pertinencia de la Educación Primaria en Zonas de Urbanización Rápida | |
| 905 | _aUNESCO | ||
| 999 |
_c129122 _d129122 |
||